Same Letter Country/Capitals Quiz Stats

Quiz Updated May 27, 2012

Challenge
Share
Tweet
Embed
Score 0/23 Timer 02:00
7 Plays Today
% Correct
Stockholm
93.6%
Panama
92.2%
Belgium
91.7%
Monaco
91.2%
Brazil
89.1%
Singapore
87.7%
Tunisia
87.6%
Algeria
87.1%
Kuwait
85.8%
Taiwan
84.6%
Seoul
84.4%
Guatemala
84.4%
% Correct
Djibouti
80.4%
Sri Jayawardenepura Kotte
71.6%
Brunei
70.7%
Niger
65.2%
Mozambique
65%
Burundi
63.2%
Belmopan
59.7%
Bridgetown
58.6%
Georgetown
56%
Port Moresby
53.4%
Majuro
45.6%

You're not logged in!

Compare scores with friends on all Sporcle quizzes.
Join for Free
OR
Log In

You Might Also Like...

Show Comments

Extras

Top Quizzes Today


Score Distribution

Your Account Isn't Verified!

In order to create a playlist on Sporcle, you need to verify the email address you used during registration. Go to your Sporcle Settings to finish the process.

Report this User

Report this user for behavior that violates our Community Guidelines.

Details: